Estonia Economic Review

Salvato in:
Dettagli Bibliografici
Natura: Libro
Lingua:inglese
Pubblicazione: Washington International Monetary Fund 1992
Soggetti:
Tags: Aggiungi Tag
Nessun Tag, puoi essere il primo ad aggiungerne!!

MARC

LEADER 00000nam a2200000 4500
001 c003084
005 20251216072519.6
020 |a 1-55775-250-8 
041 0 |a eng 
044 |a US 
245 1 0 |a Estonia  |b Economic Review 
264 1 |a Washington  |b International Monetary Fund  |c 1992 
300 |a 76 s. 
610 2 0 |a Estónsko 
610 2 0 |a vývoj hospodársky 
610 2 0 |a reformy hospodárske 
610 2 0 |a politika fiškálna 
610 2 0 |a obchod zahraničný 
610 2 0 |a 1980-1990